La educación para la paz como contexto valórico de la formación de profesores de ciencias

Gespeichert in:
Bibliographische Detailangaben
1. Verfasser: Valenzuela Fuenzalida, Alvaro M (VerfasserIn)
Format: Buch
Sprache:Spanisch
Veröffentlicht: Valparaíso Universidad Católica de Valparaíso 1998
Schlagworte:
Tags: Tag hinzufügen
Keine Tags, Fügen Sie den ersten Tag hinzu!

MARC

LEADER 00000nam a2200000 a 4500
001 UCQ4201
003 CL-VaPUC
008 980904e19980000CL |||||||||||||||||spa|d
082 0 4 |a 370.115  |b VAL  |2 21 
100 0 |a Valenzuela Fuenzalida, Alvaro M  |e author  |9 418463 
245 1 3 |a La educación para la paz como contexto valórico de la formación de profesores de ciencias 
300 |a 31 p 
942 |c BK 
945 |d 19980904 00:00:00  |a mvenant 
260 |a Valparaíso  |b Universidad Católica de Valparaíso  |c 1998 
650 0 |a Paz  |9 259242 
650 0 |a Enseñanza  |9 256457 
650 7 |a PACIFISMO  |2 CL-VaPUC  |9 319054 
650 0 |a Filosofía de la educación   |9 258384 
650 7 |a PROFESORES DE CIENCIA  |2 CL-VaPUC  |9 418464 
583 |a last modification  |c 19980904 00:00:00  |k Rodrigo Vera 
999 |c 274623  |d 274621 
952 |0 0  |1 0  |4 0  |6 370_115000000000000_VAL_1998  |7 0  |8 P  |9 310895  |a BIBEDU  |b BIBEDU  |c BIBEDU_PB  |d 2019-11-20  |i 3457559  |o 370.115 VAL 1998  |p 3457559  |r 2024-01-25  |w 2019-11-20  |y BK  |k BME